000 00206 a2200097 4500
020 _a9788408049791
041 _aspa
100 _aBlyton, Enid
245 _aLas mejores aventuras de enid blyton
942 _cBK
999 _c29606
_d29604